Stati che iniziano con la N - Statistics

Statistiche generali
  • Questo quiz è stato fatto 155 volte
  • Il punteggio medio è 6 su 8
Statistiche sulle risposte
Superficie (km²) Popolazione (ab.) Stato % Corretto
130 373 6 527 691 Nicaragua
88%
385 207 5 384 576 Norvegia
86%
825 615 2 504 498 Namibia
85%
147 516 29 996 478 Nepal
82%
1 267 000 23 196 002 Niger
82%
923 768 221 072 669 Nigeria
81%
21 11 000 Nauru
75%
270 467 5 106 922 Nuova Zelanda
69%
Nessun quiz corrispondente trovato
Distribuzione punteggi
Percentuale di utenti per punteggio
Percentile per numero di risposta
I tuoi punteggi nel tempo
Non hai fatto questo quiz